| Tag |
First Indicator |
Second Indicator |
Subfields |
| LEADER |
00000cam a2200000 4500 |
| 001 |
in00000055548 |
| 005 |
20151008052245.0 |
| 008 |
721213s1963 dcu 00000 eng u |
| 010 |
|
|
|a 63001877
|
| 035 |
|
|
|a (OCoLC)00513664
|
| 035 |
|
|
|9 AAH2485AM
|
| 040 |
|
|
|c AKR
|d TXA
|d UtOrBLW
|
| 049 |
|
|
|a TXAM
|c [360952]
|
| 050 |
0 |
0 |
|a HV2353
|b .L4 no.4
|
| 082 |
0 |
|
|a 371.912
|
| 092 |
|
|
|a 371.912
|b H325t, 1963
|
| 100 |
1 |
|
|a Hart, Beatrice Ostern.
|
| 245 |
1 |
0 |
|a Teaching reading to deaf children /
|c With a foreword by Clarence D. O'Connor.
|
| 264 |
|
1 |
|a Washington :
|b Alexander Graham Bell Association for the Deaf,
|c [1963]
|
| 300 |
|
|
|a 132 pages :
|b illustrations ;
|c 23 cm.
|
| 336 |
|
|
|a text
|b txt
|2 rdacontent
|
| 337 |
|
|
|a unmediated
|b n
|2 rdamedia
|
| 338 |
|
|
|a volume
|b nc
|2 rdacarrier
|
| 490 |
0 |
|
|a The Lexington School for the Deaf education series, book 4
|
| 650 |
|
0 |
|a Deaf
|x Education
|x Reading.
|
| 999 |
|
|
|a MARS
|
| 999 |
f |
f |
|s dad86c2f-95b2-3d3e-ba39-0f29ee0c651b
|i fdb601ef-749c-326d-a80a-975a2903f110
|t 0
|
| 952 |
f |
f |
|p normal
|a Texas A&M University
|b College Station
|c Sterling C. Evans Library
|d Evans: Library Stacks
|t 0
|e HV2353 .L4 no.4
|h Library of Congress classification
|i unmediated -- volume
|m A14800846762
|
| 998 |
f |
f |
|a HV2353 .L4 no.4
|t 0
|l Evans: Library Stacks
|